| 000 | 00522nam a2200181Ia 4500 | ||
|---|---|---|---|
| 008 | 090124s9999 xx 000 0 und d | ||
| 082 |
_b9556 _a1197 |
||
| 100 | _aभोसले चिं.तु. | ||
| 245 | _a नशिबाची नौका | ||
| 250 | _a1 | ||
| 260 | _c1957 | ||
| 300 | _a76 | ||
| 600 | _aभोसले चिं.तु. | ||
| 630 | _a नशिबाची नौका | ||
| 700 | _aभोसले चिं.तु. | ||
| 730 | _a नशिबाची नौका | ||
| 942 | _cBOOK | ||
| 999 |
_c123610 _d123610 |
||